Cat Breeds - Sudden Death - Statistics

General Stats
  • This quiz has been taken 1,049 times
  • The average score is 10 of 14
Answers on the Grid
Answers color-coded by a green-red scale on the quiz's grid according to % correct below.
Siamese
Persian
Siberian Husky
Dachshund
Sphynx
Brangus
Burmese
Bombay
Manx
Basenji
Burmilla
Criollo
Scottish Fold
Bullmastiff
Birman
Chianina
Cornish Rex
Turkish Angora
Merino
Russian Blue
Maine Coon
Oriental Shorthair
Beetal
Amiatina
 
Answer Stats
Answer % Correct
Siamese
99%
Persian
96%
Sphynx
89%
Maine Coon
84%
Russian Blue
79%
Oriental Shorthair
78%
Manx
72%
Burmese
71%
Scottish Fold
66%
Turkish Angora
60%
Cornish Rex
49%
Bombay
47%
Birman
39%
Burmilla
28%
No matching quizzes found
Score Distribution
Percent of People with Each Score
Percentile by Number Answered
Your Score History
You have not taken this quiz